Application of Simulation Control in Building Energy System

Bibliographic Details
Main Author: Čorný, Ivan (Author)
Format: Article
Language:English
ISBN:9788055303123

MARC

LEADER 00000naa a2200000uu 4500
001 vtls011058090
003 SK-MaSNL
005 20260302114015.0
008 210906|2009 xo |||||||||||||||||eng|
015 |a SNBRA 
035 |a (urnnbn)urn:nbn:sk:snk:ar-a0c0c1 
035 |a (uuid)ddfbf730-5622-4946-ae5a-1c47b72dd511 
035 |a urn:nbn:sk:snk-aav6x8 
040 |a SNKBUCL  |b slo  |c SNKBUCL  |e AACR2 
041 0 |a eng 
044 |a xo  |c SK 
100 1 |a Čorný, Ivan  |4 aut  |9 291566 
245 1 0 |a Application of Simulation Control in Building Energy System  |c Ivan Čorný 
773 0 |t TSO 2009 Proceedings - New trends in Technical Systems Operation  |d Prešov : Technical Universtiy, Faculty of Manufacturing Technologies, 2009  |g S. 154-158  |z 9788055303123 
958 |a OND 
958 |a article12 
958 |a chapter 
999 |c 1258021  |d 1259951